Monty Python Cheese Shop Cheeses Quiz Stats

 Plays Quiz Updated Aug 30, 2019

Support Sporcle.
Go Orange.
Score 0/43 Timer 08:00
1 Play Today
% Correct
Cheddar
93.1%
Brie
64.7%
Gouda
51.7%
Mozzarella
44.3%
Edam
41.3%
Parmesan
37.5%
Stilton
36.4%
Camembert
36.2%
Greek Feta
30%
Gorgonzola
29.2%
Red Leicester
25.1%
Wensleydale
24.4%
Roquefort
23.3%
gruyère
21.2%
Limburger
19.4%
Cheshire
16.2%
Emmental
15%
Double Gloucester
14.6%
Danish Blue
14%
Venezuelan Beaver Cheese
12.6%
Lancashire
11%
Caerphilly
10.1%
% Correct
Port Salut
8.9%
Boursin
7.4%
Tilsit
7.3%
Japanese Sage Derby
7.1%
White Stilton
6.9%
Ilchester
6.9%
Red Windsor
6%
Bel Paese
5.2%
Smoked Austrian
4.7%
Czechoslovakian sheep's milk
4.5%
Norwegian Jarlsberger
4.5%
Savoyard
4.1%
Pont l'Evêque
4%
Dorset Blue Vinney
4%
Bresse-Bleu
3.5%
Liptauer
3.3%
Caithness
3.3%
Danish Fynbo
3.3%
Saint-Paulin
3.1%
Pippo Créme
3.1%
Carré de l'Est
3%

From the Vault

Criteria Numbers (40-50)

by Babamots

Science 8m
Calculators are for cheaters. Real mathematicians still use an abacus.
Remove Ads.
Support Sporcle.
Get the best of Sporcle when you Go Orange. This ad-free experience offers more features, more stats, and more fun while also helping to support Sporcle. Thank you for becoming a member.

Show Comments

Extras

Top Quizzes Today


Score Distribution

Your Account Isn't Verified!

In order to create a playlist on Sporcle, you need to verify the email address you used during registration. Go to your Sporcle Settings to finish the process.

Report this User

Report this user for behavior that violates our Community Guidelines.

Details: